Govt. of
Madhya Pradesh

Sapt rishis foundation of sanatan dharama (Record no. 68918)

MARC details
000 -LEADER
fixed length control field 00320nam a22001217a 4500
020 ## - INTERNATIONAL STANDARD BOOK NUMBER
ISBN 978-93-94384-20-0
082 ## - DEWEY DECIMAL CLASSIFICATION NUMBER
Classification number 294/CHA
100 ## - MAIN ENTRY--AUTHOR NAME
Personal name Chandra,Dr. Abhishek
245 ## - TITLE STATEMENT
Title Sapt rishis foundation of sanatan dharama
260 ## - PUBLICATION, DISTRIBUTION, ETC. (IMPRINT)
Place of publication Dehli
Name of publisher Saddle publishers
Year of publication 2022
650 ## - SUBJECT ADDED ENTRY--TOPICAL TERM
Topical Term Indian religion
942 ## - ADDED ENTRY ELEMENTS (KOHA)
Koha item type Books
Holdings
Withdrawn status Lost status Damaged status Not for loan Home library Current library Date acquired Cost, normal purchase price Full call number Accession Number Price effective from Koha item type
        MACL MACL 02/04/2026 1099.00 294/CHA CRE040401 02/04/2026 Books